|
|
|
|
| LEADER |
01898nam a22004212i 4500 |
| 001 |
001533297 |
| 003 |
CZ BrMZK |
| 005 |
20161214071224.0 |
| 007 |
ta |
| 008 |
160701s1986 xr a er|||||||||||cze d |
| 015 |
|
|
|a cnb000017842
|
| 020 |
|
|
|q (Brož.) :
|c Kčs 8,00
|
| 035 |
|
|
|a (OCoLC)39406001
|
| 040 |
|
|
|a BOA001
|b cze
|e rda
|
| 072 |
|
7 |
|a 72
|x Architektura
|2 Konspekt
|9 21
|
| 080 |
9 |
|
|a 72/73.05.071.1 Crhák, F. :061.43(437-2 Praha)"1986"(084.1)
|
| 080 |
9 |
|
|a 061.43(437-2 Praha)"1986":72/73.05.071.1 Crhák, F. (084.1)
|
| 100 |
1 |
|
|a Crhák, František,
|d 1926-2011
|7 jk01020830
|4 aut
|
| 245 |
1 |
0 |
|a František Crhák :
|b profil architekta-designéra : Praha červenec - srpen 1986, Gottwaldov listopad 1986, Brno leden - únor 1987 /
|c [úvody Miroslav Klivar, Ľubica Zábranská ; fotografie Rudolf Červenka ; grafická úprava František Nikl]
|
| 264 |
|
1 |
|a Praha :
|b Svaz českých výtvarných umělců,
|c 1986
|
| 300 |
|
|
|a [16] stran :
|b ilustrace ;
|c 21 x 24 cm
|
| 336 |
|
|
|a text
|b txt
|2 rdacontent
|
| 337 |
|
|
|a bez média
|b n
|2 rdamedia
|
| 338 |
|
|
|a svazek
|b nc
|2 rdacarrier
|
| 500 |
|
|
|a 800 výtisků
|
| 504 |
|
|
|a Obsahuje bibliografii
|
| 600 |
1 |
7 |
|a Crhák, František,
|d 1926-
|7 jk01020830
|
| 650 |
0 |
7 |
|a česká architektura
|7 ph128102
|2 czenas
|
| 655 |
|
7 |
|a katalogy výstav
|7 fd132536
|2 czenas
|
| 700 |
1 |
|
|a Zábranská, Ľubica
|7 jk01151853
|4 wfw
|
| 700 |
1 |
|
|a Červenka, Rudolf,
|d 1942-2021
|7 jn19981002652
|4 ill
|
| 700 |
1 |
|
|a Klivar, Miroslav,
|d 1932-2014
|7 jk01060635
|4 wfw
|
| 856 |
4 |
1 |
|u http://www.digitalniknihovna.cz/mzk/uuid/uuid:c4885cf0-2924-11e4-8e0d-005056827e51
|y Digitalizovaný dokument
|x NDK
|
| 910 |
|
|
|a BOA001
|b X-0907.846
|
| 990 |
|
|
|a BK
|
| 991 |
|
|
|b 201605
|
| 996 |
6 |
|
|b 2619168261
|c X-0907.846
|l MZK
|r Sklad / do 24 hodin
|n 0
|w 001568245
|u 000020
|a 1
|e BOA001
|j MZK50
|s P
|
| 996 |
7 |
|
|b 2619168262
|c X-0907.846
|l MZK
|r Sklad / do 24 hodin
|n 0
|w 001568245
|u 000010
|a 1
|e BOA001
|j MZK50
|s A
|